| 000 | 00607nam a22002177a 4500 | ||
|---|---|---|---|
| 001 | 00028641 | ||
| 005 | 20260328094708.0 | ||
| 008 | 260325b ag ||||| |||| 00| 0 spa d | ||
| 020 | _a9507312463 | ||
| 040 |
_aAR-CcCEOS _bspa _cAR-CcCEOS |
||
| 041 | _aspa | ||
| 080 | _a860-3(82) | ||
| 090 | _bDOR | ||
| 100 | 1 |
_aDorfman, Ariel _9963 |
|
| 245 |
_aLa Nana y el icebarg / _cAriel Dorfman |
||
| 264 |
_aBuenos Aires : _bPlaneta, _cc2000. |
||
| 300 |
_a413 p. ; _c24x15 cm. |
||
| 655 | 0 |
_aliteratura argentina _928 _vnovela |
|
| 942 |
_2udc _cBK _n0 |
||
| 999 |
_c28673 _d28673 |
||